Creative thinking, problem solving and decision making / (Record no. 28326)
[ view plain ]
| 000 -LEADER | |
|---|---|
| fixed length control field | 01000cam a2200277 a 4500 |
| 001 - CONTROL NUMBER | |
| control field | 12503626 |
| 005 - DATE AND TIME OF LATEST TRANSACTION | |
| control field | 20180204020039.0 |
| 008 - FIXED-LENGTH DATA ELEMENTS--GENERAL INFORMATION | |
| fixed length control field | 010510s2001 paua b 001 0 eng d |
| 010 ## - LIBRARY OF CONGRESS CONTROL NUMBER | |
| LC control number | 2001419396 |
| 020 ## - INTERNATIONAL STANDARD BOOK NUMBER | |
| International Standard Book Number | 1888603038 |
| 035 ## - SYSTEM CONTROL NUMBER | |
| System control number | (OCoLC)ocm46922094 |
| 040 ## - CATALOGING SOURCE | |
| Original cataloging agency | PIT |
| Transcribing agency | PIT |
| Modifying agency | DLC |
| 042 ## - AUTHENTICATION CODE | |
| Authentication code | lccopycat |
| 050 00 - LIBRARY OF CONGRESS CALL NUMBER | |
| Classification number | BF408 .S23 2001 |
| 100 1# - MAIN ENTRY--PERSONAL NAME | |
| Personal name | Saaty, Thomas L. |
| 245 10 - TITLE STATEMENT | |
| Title | Creative thinking, problem solving and decision making / |
| Statement of responsibility, etc. | Thomas L. Saaty. |
| 260 ## - PUBLICATION, DISTRIBUTION, ETC. (IMPRINT) | |
| Place of publication, distribution, etc. | Pittsburgh, PA : |
| Name of publisher, distributor, etc. | RWS Publications, |
| Date of publication, distribution, etc. | c2001. |
| 300 ## - PHYSICAL DESCRIPTION | |
| Extent | x, 267 p. : |
| Other physical details | ill. ; |
| Dimensions | 29 cm. + |
| Accompanying material | 1 computer optical disk. |
| 504 ## - BIBLIOGRAPHY, ETC. NOTE | |
| Bibliography, etc | Includes bibliographical references (p. 255-262) and index. |
| 650 #0 - SUBJECT ADDED ENTRY--TOPICAL TERM | |
| Topical term or geographic name as entry element | Creative ability. |
| 650 #0 - SUBJECT ADDED ENTRY--TOPICAL TERM | |
| Topical term or geographic name as entry element | Creative thinking. |
| 650 #0 - SUBJECT ADDED ENTRY--TOPICAL TERM | |
| Topical term or geographic name as entry element | Problem solving. |
| 942 ## - ADDED ENTRY ELEMENTS (KOHA) | |
| Source of classification or shelving scheme | |
| Koha item type | Hard Covered Materials |
| Classification part | BF408 .S23 2001 |
| Koha issues (borrowed), all copies | 1 |
| Withdrawn status | Lost status | Source of classification or shelving scheme | Damaged status | Not for loan | Home library | Current library | Shelving location | Date acquired | Source of acquisition | Total Checkouts | Full call number | Barcode | Checked out | Date last seen | Date last checked out | Price effective from | Koha item type |
|---|---|---|---|---|---|---|---|---|---|---|---|---|---|---|---|---|---|
| MACHAKOS UNIVERSITY LIBRARY | MACHAKOS UNIVERSITY LIBRARY | Technical section | 01/03/2017 | Donation (B.F.A) | 3 | BF408 .S23 2001 | 36320 | 07/10/2024 | 23/09/2024 | 23/09/2024 | 01/03/2017 | Hard Covered Materials |